Algunos problemas de bioquímica veterinaria / (Record no. 175078)

MARC details
000 -LEADER
campo de control de longitud fija 00765nam a22002175i 4500
001 - NÚMERO DE CONTROL
campo de control 175078
003 - IDENTIFICADOR DE NÚMERO DE CONTROL
campo de control ES-MaACL
005 - FECHA Y HORA DE LA ÚLTIMA TRANSACCIÓN
campo de control 20250815112733.0
008 - DATOS DE LONGITUD FIJA--INFORMACIÓN GENERAL
campo de control de longitud fija 101005s1950 sp |||| | spa d
080 ## - NÚMERO DE LA CLASIFICACIÓN DECIMAL UNIVERSAL
Número de la Clasificación Decimal Universal 577.1
100 1# - ENTRADA PRINCIPAL--NOMBRE DE PERSONA
Nombre de persona Seekles, Laurens.
9 (RLIN) 143443
245 10 - MENCIÓN DEL TÍTULO
Título Algunos problemas de bioquímica veterinaria /
Mención de responsabilidad, etc. por L. Seekles.
260 ## - PUBLICACIÓN, DISTRIBUCIÓN, ETC.
Lugar de publicación, distribución, etc. [Madrid] :
Nombre del editor, distribuidor, etc. Instituto español de Fisiología y Bioquímica,
Fecha de publicación, distribución, etc. 1950.
300 ## - DESCRIPCIÓN FÍSICA
Extensión 59 p. ;
Dimensiones 26 cm.
490 1# - MENCIÓN DE SERIE
Mención de serie Monografías de ciencia moderna ;
Designación de volumen o secuencia 20
650 17 - PUNTO DE ACCESO ADICIONAL DE MATERIA--TÉRMINO DE MATERIA
Término de materia o nombre geográfico como elemento de entrada Bioquímica
Fuente del encabezamiento o término embne
9 (RLIN) 136796
710 2# - ENTRADA AGREGADA--NOMBRE DE ENTIDAD CORPORATIVA
Nombre de entidad corporativa o nombre de jurisdicción como elemento de entrada Instituto Español de Fisiología y Bioquímica
9 (RLIN) 143422
830 0# - PUNTO DE ACCESO ADICIONAL DE SERIE-TÍTULO UNIFORME
Título uniforme Monografías de ciencia moderna
Designación de volumen o secuencia 20
9 (RLIN) 189470
852 ## - LOCALIZACIÓN
Ubicación ES-MaACL
Número de control de estantería E-13286
Encuadernación Olim P-555 bis
Holdings
Estatus retirado Estado de pérdida Estado de daño No para préstamo Biblioteca de origen Biblioteca actual Ubicación en estantería Fecha de adquisición Fuente de adquisición Total de préstamos Signatura topográfica completa Código de barras Visto por última vez Precio de reemplazo Tipo de ítem Koha
        Biblioteca del Ateneo de Madrid Biblioteca del Ateneo de Madrid Depósito 2 05/10/2010     E-13286 1183835 23/02/2023 23/02/2023 Libro impreso